000 00817nam a2200277 a 4500
001 000017529
003 DO-SdBNP
005 20250204084111.0
007 ta
008 100326s1949 dr 000 j spa d
040 _aDO-SdBNP
_bspa
_cBNPHU
_erda
041 _hspa
082 _aRD863.44
_bC292c
_222
100 1 _aCaro, Néstor
_eautor
_928234
245 1 0 _aCielo negro :
_bcuentos /
_cNéstor Caro.
264 _aSanto Domingo :
_bImpresora Dominicana,
_c1949.
300 _a98 páginas ;
_c20 cm.
336 _ardacontent
_btexto
_2txt
337 _ardamedia
_bsin mediación
_2n
338 _ardacarrier
_bvolumen
_2nc
590 _aInventariado, 2020/LP
650 0 _aCuentos dominicanos
_9176
650 0 _aLiteratura dominicana.
_967
910 _aValidado. Control de calidad MMOLINA
942 _2ddc
_cLBS1
999 _c17054
_d17054